[Event "BAN-chT SAIF POWERTEC 2020"]
[Site "Dhaka"]
[Date "2021.03.25"]
[Round "7.3"]
[White "Ahmed, Sheikh Nasir"]
[Black "Mollah Abdullah, Al Rakib"]
[Result "1-0"]
[WhiteElo "2193"]
[BlackElo "2463"]
[Annotator "RC"]
[PlyCount "116"]
[EventDate "2021.03.19"]
[EventType "team-tourn"]
[EventCountry "BAN"]
[SourceTitle "playchess.com"]
[Source "ChessBase"]
[SourceQuality "1"]
[TimeControl "5400+30"]

1. e4 {[%emt 0:00:00]} g6 {[%emt 0:00:00]} 2. d4 {[%emt 0:00:00]} Bg7 {[%emt 0:00:00]} 3. Nc3 {[%emt 0:00:16]} d6 {[%emt 1:31:30]} 4. Be3 {[%emt 0:06:20]} a6 {[%emt 0:00:00]} 5. Qd2 {[%emt 0:08:49]} b5 {[%emt 0:00:00]} 6. a3 {[%emt 0:01:27]} Nd7 {[%emt 0:00:00]} 7. f4 {[%emt 0:00:54]} e6 {[%emt 0:00:00]} 8. Nf3 {[%emt 0:00:23]} Bb7 {[%emt 0:00:00]} 9. Bd3 {[%emt 0:10:46]} Ne7 {[%emt 0:00:00]} 10. O-O {[%emt 0:05:06]} d5 {[%emt 0:00:00]} 11. Bf2 {[%emt 0:10:07]} dxe4 {[%emt 0:00:00]} 12. Bxe4 {[%emt 0:01:26]} Bxe4 {[%emt 0:00:00]} 13. Nxe4 {[%emt 0:00:03]} Nf6 {[%emt 0:00:00]} 14. Nc5 {[%emt 0:51:23]} O-O {[%emt 0:00:00]} 15. a4 {[%emt 0:00:00]} Qd5 {[%emt 0:00:00]} 16. Rfe1 {[%emt 0:01:00]} Ng4 {[%emt 0:00:00]} 17. c3 {[%emt 0:00:00]} Nf5 {[%emt 0:00:00]} 18. Ne5 {[%emt 0:00:00]} Nxf2 {[%emt 0:00:00]} 19. Qxf2 {[%emt 0:00:00]} Rfd8 {[%emt 0:00:00]} 20. Qf3 {[%emt 0:00:00]} Qxf3 {[%emt 0:00:00]} 21. Nxf3 {[%emt 0:00:00]} Bf8 {[%emt 0:00:00]} 22. Nd3 {[%emt 0:00:00]} Bd6 {[%emt 0:00:00]} 23. Nfe5 {[%emt 0:00:00]} Ne7 {[%emt 0:00:00]} 24. g3 {[%emt 0:00:00]} b4 {[%emt 0:00:00]} 25. Rec1 {[%emt 0:00:00]} bxc3 {[%emt 0:00:00]} 26. bxc3 {[%emt 0:00:00]} f6 {[%emt 0:01:57]} 27. Nc4 {[%emt 0:00:00]} Rab8 {[%emt 0:00:52]} 28. Rab1 {[%emt 0:00:00]} Kf7 {[%emt 0:02:25]} 29. Kf2 {[%emt 0:00:13]} Nd5 {[%emt 0:01:17]} 30. Nxd6+ {[%emt 0:01:09]} cxd6 {[%emt 0:00:02]} 31. c4 {[%emt 0:00:38]} Ne7 {[%emt 0:07:27]} 32. a5 {[%emt 0:03:17]} Nc6 {[%emt 0:00:00]} 33. d5 {[%emt 0:00:31]} Rxb1 {[%emt 0:00:00]} 34. Rxb1 {[%emt 0:00:03]} Nxa5 {[%emt 0:00:00]} 35. dxe6+ {[%emt 0:00:29]} Kxe6 {[%emt 0:00:00]} 36. c5 {[%emt 0:03:40]} Rc8 {[%emt 0:00:00]} 37. Ra1 {[%emt 0:00:30]} Nb3 {[%emt 0:00:00]} 38. Rxa6 {[%emt 0:00:00]} Nxc5 {[%emt 0:00:04]} 39. Nxc5+ {[%emt 0:00:00]} Rxc5 {[%emt 0:03:56]} 40. Kf3 {[%emt 0:00:27]} Rc2 {[%emt 0:00:00]} 41. h3 {[%emt 0:00:16]} Rc3+ {[%emt 0:00:00]} 42. Kf2 {[%emt 0:00:35]} h5 {[%emt 0:00:00]} 43. h4 {[%emt 0:00:22]} Kd5 {[%emt 0:00:00]} 44. Rb6 {[%emt 0:01:12]} Rd3 {[%emt 0:00:03]} 45. Rb4 {[%emt 0:00:36]} Rd4 {[%emt 0:00:17]} 46. Rb8 {[%emt 0:00:12]} Ke4 {[%emt 0:00:12]} 47. Rg8 {[%emt 0:00:08]} Kf5 {[%emt 0:00:19]} 48. Kg2 {[%emt 0:00:12]} Rd2+ {[%emt 0:00:35]} 49. Kf3 {[%emt 0:00:17]} Rd3+ {[%emt 0:00:14]} 50. Kf2 {[%emt 0:00:12]} d5 {[%emt 0:00:10]} 51. Rg7 {[%emt 0:01:10]} d4 {[%emt 0:00:38]} 52. Rg8 {[%emt 0:00:02]} Ra3 {[%emt 0:00:51]} 53. Rd8 {[%emt 0:01:38]} d3 {[%emt 0:02:08]} 54. Rd6 {[%emt 0:00:10]} Rb3 {[%emt 0:00:24]} 55. Kf3 {[%emt 0:00:50]} d2+ {[%emt 0:00:23]} 56. Kf2 {[%emt 0:00:01]} Kg4 {[%emt 0:00:15]} 57. Rxd2 {[%emt 0:00:02]} Rf3+ {[%emt 0:00:15]} 58. Ke2 {[%emt 0:00:05]} Rxg3 {[%emt 0:01:10]} 1-0

[Event "BAN-chT SAIF POWERTEC 2020"]
[Site "Dhaka"]
[Date "2021.03.25"]
[Round "7.4"]
[White "Rahman, Ziaur"]
[Black "Islam, Khandaker Aminul"]
[Result "1-0"]
[WhiteElo "2419"]
[BlackElo "2174"]
[Annotator "TA"]
[PlyCount "70"]
[EventDate "2021.03.19"]
[EventType "team-tourn"]
[EventCountry "BAN"]
[SourceTitle "playchess.com"]
[Source "ChessBase"]
[SourceQuality "1"]

{[%evp 21,70,7,43,30,22,21,31,29,67,22,22,-7,0,-2,-14,-16,-1,-5,13,-26,-22,-20,0,0,0,-1,91,91,85,0,0,0,-3,-11,0,-27,-7,-82,-87,-95,-101,-101,-89,-83,185,170,162,173,370,370,298]} 1. Nf3 {Ribli,Z} Nf6 2. g3 b6 3. Bg2 Bb7 4. O-O e6 5. c4 c5 6. b3 Be7 7. Bb2 O-O 8. Nc3 d5 9. e3 dxc4 10. bxc4 Nc6 11. Qe2 Nb4 12. d4 {A14: English Opening: 1...e6 with b3 by White.} Rc8 13. Rfd1 cxd4 14. exd4 {White is slightly better.} Re8 15. Rac1 (15. a3 $5 {[%cal Ra3b4]} Na6 16. Nb5 $14) 15... Bf8 {[#]} 16. Bf1 $146 ({Predecessor:} 16. a3 Nc6 17. Ne5 Qc7 18. Nb5 Qb8 19. c5 Nd5 20. Nd7 Qa8 21. Qg4 Rcd8 22. Nxf8 Rxf8 {1-0 (56) Hickl,J (2530)-Johannessen,L (2519) Germany 2005 CBM 106 [Ribli,Z]}) 16... Ba8 17. Ne5 Qc7 18. Bg2 Bxg2 19. Kxg2 Nd7 20. a3 Nxe5 21. dxe5 Nc6 22. Nb5 Qb7 23. Qf3 a6 (23... Red8 $11 {remains equal.}) 24. Nd6 $16 Bxd6 25. Rxd6 (25. exd6 $16 {d7 is the strong threat.} Red8 26. c5) 25... h6 $11 26. Rcd1 {[#] Black must now prevent Rd7.} Rc7 27. Bc3 Qc8 28. Qe3 b5 29. c5 (29. cxb5 $1 $11 axb5 30. Qf3) 29... Ne7 $17 30. Ba5 Rxc5 {Hoping for ...Nf5.} 31. Rd8 Qc6+ 32. Kh3 {[#]} Rxd8 {[%mdl 8192] A mistake that costs the game.} (32... Nf5 $1 $17 {[%cal Rf5e3] keeps the pressure on.} 33. Rxe8+ Kh7 34. Rxe6 (34. Rd6 $2 Nxd6 35. Bb4 Rxe5 $19) 34... Qxe6) 33. Rxd8+ $18 Kh7 34. Bb4 Rc4 (34... Nd5 35. Qd3+ (35. Qxc5 Nf4+ 36. Kg4 Qe4 $11) 35... g6) 35. Bxe7 Rc3 {Weighted Error Value: White=0.20/Black=0.39} 1-0

[Event "BAN-chT SAIF POWERTEC 2020"]
[Site "Dhaka"]
[Date "2021.03.25"]
[Round "7.5"]
[White "Jabed Al Azad"]
[Black "Adhiban, B.."]
[Result "0-1"]
[WhiteElo "2002"]
[BlackElo "2659"]
[Annotator "TA"]
[PlyCount "72"]
[EventDate "2021.03.19"]
[EventType "team-tourn"]
[EventCountry "BAN"]
[SourceTitle "playchess.com"]
[Source "ChessBase"]
[SourceQuality "1"]

{[%evp 11,71,50,57,46,50,0,19,0,0,0,0,0,0,0,0,0,8,0,0,0,0,0,0,0,38,-37,0,-97,-89,-158,-155,-147,-154,-205,-222,-383,-363,-568,-566,-587,-580,-604,-591,-708,-665,-901,-909,-1081,-1099,-1204,-1203,-1176,-1154,-1022,-850,-847,-792,-1218,-1135,-1026,-987,-29999]} 1. e4 c5 2. Nf3 d6 3. d4 cxd4 4. Nxd4 Nf6 5. Nc3 g6 6. Be3 a6 7. f3 {B72: Sicilian Dragon: 6 Be3, lines with h3+Bc4 and sidelines.} h5 8. h4 Bg7 9. Qd2 {The position is equal.} Nbd7 10. a4 b6 11. Bc4 Bb7 {[#]} 12. Nde2 $146 ({Predecessor:} 12. O-O Qc7 13. Bd3 O-O 14. Nce2 e5 15. Nb3 d5 16. exd5 Nxd5 17. Bh6 Nc5 18. Nxc5 Qxc5+ {0-1 (58) Putinceva,M (1457)-Bandurina,S (1863) Moscow 2020}) 12... O-O 13. Bh6 Rc8 {[#] Strongly threatening ...Bxh6.} 14. Bxg7 Kxg7 15. Bb3 Ne5 16. Nd4 Rc5 17. O-O-O Rh8 18. Qe3 (18. Rhe1 $14) 18... b5 19. g4 (19. axb5 $11 axb5 20. Ndxb5) 19... hxg4 $17 {White is on the road to losing.} 20. f4 ({White should play} 20. h5 Nxh5 21. axb5) 20... Nc4 21. Bxc4 bxc4 22. f5 (22. Rhf1 $17) 22... Re5 $19 {[%cal Rb7e4]} 23. h5 $2 (23. fxg6 {was necessary.} fxg6 24. Rhf1) 23... gxh5 24. Rhg1 (24. Nde2 $142 Kf8 25. Qg5) 24... Bxe4 25. Qg5+ Kf8 26. Rge1 Qa8 27. Nce2 Bf3 28. Nf4 {Threatens to win with Rxe5.} Ne4 29. Nde6+ {[#]} Rxe6 $1 30. Nxe6+ (30. Rxe4 Qxe4) 30... fxe6 31. Qg6 Qe8 32. Qxe6 Nc5 33. Qxc4 Bxd1 34. f6 Qxa4 35. fxe7+ Ke8 36. Qd5 Qxc2# {Weighted Error Value: White=0.56/Black=0.05} 0-1

[Event "BAN-chT SAIF POWERTEC 2020"]
[Site "Dhaka"]
[Date "2021.03.25"]
[Round "7.6"]
[White "Kovalev, Vladislav"]
[Black "Erigaisi Arjun"]
[Result "1/2-1/2"]
[WhiteElo "2648"]
[BlackElo "2559"]
[Annotator "TA"]
[PlyCount "60"]
[EventDate "2021.03.19"]
[EventType "team-tourn"]
[EventCountry "BAN"]
[SourceTitle "playchess.com"]
[Source "ChessBase"]
[SourceQuality "1"]

{[%evp 17,60,18,31,22,34,11,13,15,22,18,16,0,7,7,7,9,6,0,0,0,0,0,0,0,0,0,0,0,0,0,0,0,0,0,0,0,0,0,0,0,0,0,0,0,0]} 1. e4 e6 2. d4 d5 3. Nd2 c5 4. Ngf3 cxd4 5. Nxd4 Nc6 6. Bb5 Bd7 7. Nxc6 Bxc6 8. Bxc6+ bxc6 9. c4 Nf6 10. Qa4 {C07: French Tarrasch: 3...c5, 4 Ngf3 and 4 exd5 Qxd5.} Qc7 11. cxd5 exd5 {The position is equal.} 12. O-O Be7 13. exd5 Nxd5 14. Nc4 O-O 15. Bd2 Bf6 16. Rac1 Nb6 {[#]} 17. Nxb6 $146 ({Predecessor:} 17. Qa5 Qd7 18. b3 Rfe8 19. Be3 Nd5 20. Rfd1 Qg4 21. h3 Qg6 22. Qa6 Bh4 23. Rd4 {½-½ (54) Glavas,E (1960)-Chazalette,J (2126) ICCF email 2008}) 17... axb6 18. Qxc6 Qxc6 19. Rxc6 Rxa2 20. Rxb6 Rxb2 21. Rxb2 Bxb2 $11 {[%mdl 4096] Endgame KRB-KRB} 22. Be3 Bf6 23. Rd1 Rd8 24. Rxd8+ (24. Rb1 {looks sharper.} Kf8 25. g3 Bd4 26. Bxd4 Rxd4 27. Kg2) 24... Bxd8 {KB-KB} 25. g4 g6 26. Kg2 Bc7 27. h3 f5 28. gxf5 gxf5 29. Kf3 Kf7 30. Bd2 Bd6 {Not much happened in this game.  Weighted Error Value: White=0.02/Black=0.01} 1/2-1/2

[Event "BAN-chT SAIF POWERTEC 2020"]
[Site "Dhaka"]
[Date "2021.03.25"]
[Round "7.7"]
[White "Dhulipalla Bala Chandra Prasad"]
[Black "Reefat, Bin-Sattar"]
[Result "0-1"]
[WhiteElo "2441"]
[BlackElo "2409"]
[Annotator "TA"]
[PlyCount "76"]
[EventDate "2021.03.19"]
[EventType "team-tourn"]
[EventCountry "BAN"]
[SourceTitle "playchess.com"]
[Source "ChessBase"]
[SourceQuality "1"]

{[%evp 11,76,19,34,37,37,32,32,28,29,31,44,0,14,8,27,31,31,31,21,23,64,63,76,59,58,40,77,85,70,31,31,37,42,44,75,14,66,52,111,112,246,235,231,2,3,8,2,10,138,104,325,47,72,55,309,295,307,307,314,276,672,664,677,226,677,676,611]} 1. Nf3 d5 2. g3 Nc6 3. d4 Bf5 4. Bg2 Nb4 5. Na3 e6 6. O-O Nf6 7. c3 {D02: 1 d4 d5 2 Nf3 sidelines, including 2...Nf6 3 g3 and 2...Nf6 3 Bf4.} Nc6 8. Qb3 Rb8 9. Bg5 {White is slightly better.} Be7 10. Nd2 {[#]} O-O $146 ({Predecessor:} 10... Ng8 11. Bxe7 Ngxe7 12. e4 Bg6 13. Rae1 O-O 14. f4 dxe4 15. Nxe4 b5 16. Qd1 Nd5 {1-0 (117) Badea,B (2535)-Mateuta,G (2475) Bucharest 1997}) 11. Rfe1 (11. Bxf6 $5 Bxf6 12. e4 dxe4 13. Nxe4 $14) 11... Ne4 12. Bxe7 Qxe7 (12... Nxe7 {is interesting.} 13. Bxe4 dxe4 14. Qd1 Bg6 15. e3 f5) 13. Nxe4 Bxe4 14. Bxe4 dxe4 15. Rad1 h5 16. Nc2 h4 17. Ne3 Qf6 18. Qb5 Qg6 19. d5 Ne7 {[%cal Bc6e7,Be7c8,Bc8b6,Bb6c4][%mdl 32]} 20. d6 cxd6 21. Rxd6 hxg3 22. hxg3 Nc8 23. Rdd1 ({White should play} 23. Rd4 $16) 23... a6 (23... Nb6 $11) 24. Qc5 $14 f5 (24... b5 $1 $14) 25. Ng2 $36 {[%mdl 2048] Rd7 is the strong threat. White is in control.} Qh6 (25... Qf7 $16 {was called for.}) 26. Rd7 $18 b5 {[#]} 27. Red1 $2 (27. Nf4 $1 $18) 27... Nb6 $11 28. R7d6 Nc4 29. Rxa6 Rfd8 (29... Nxb2 $11 30. Rb1 Na4) 30. Rb1 Rd2 $2 (30... g5 $16 {was worth a try.}) 31. Qe7 $2 (31. Nf4 $18 Rbd8 32. Kg2 (32. Nxe6 $2 Rd1+ 33. Rxd1 Rxd1+ 34. Kg2 Qh1#)) 31... Rbd8 $1 $14 {[#] Hoping for ...Rd1+.} 32. Nh4 ({But not} 32. Qxe6+ Qxe6 33. Rxe6 Rxe2 $11) 32... R2d6 {[%mdl 8192]} (32... Qf6 $14 33. Rxe6 Qf7) 33. Rxd6 $18 Rxd6 34. b3 Nd2 35. Re1 ({Not} 35. Qxd6 Nxb1 36. c4 bxc4 $16) 35... e3 $2 (35... Rd5 36. Ng2 Qf6 37. Qe8+ Kh7) 36. f3 (36. Qxd6 $2 {is the wrong capture.} exf2+ 37. Kxf2 Ne4+ 38. Kg2 Nxd6 $19) 36... Rd5 37. Qe8+ Kh7 {intending ...f4.} 38. Kg2 {Strongly threatening Rh1.} f4 {[%mdl 32768] Weighted Error Value: White=0.35/Black=0.67. Loss on time!?} 0-1

[Event "BAN-chT SAIF POWERTEC 2020"]
[Site "Dhaka"]
[Date "2021.03.25"]
[Round "7.8"]
[White "Mehdi Hasan Parag"]
[Black "Masum, Hossain"]
[Result "1-0"]
[WhiteElo "2204"]
[BlackElo "2054"]
[Annotator "TA"]
[PlyCount "45"]
[EventDate "2021.03.19"]
[EventType "team-tourn"]
[EventCountry "BAN"]
[SourceTitle "playchess.com"]
[Source "ChessBase"]
[SourceQuality "1"]

{[%evp 17,45,-17,-6,-33,-17,-29,37,43,116,88,54,54,479,480,473,480,844,838,827,826,818,788,788,788,808,716,700,708,808,808]} 1. e4 c5 2. Nf3 e6 3. d4 cxd4 4. Nxd4 Nf6 5. Nc3 d6 6. Be2 a6 7. Be3 Nbd7 8. O-O {8.0-0 has become a bit dusty these days.} b5 9. a3 Bb7 10. Bd3 {B84: Sicilian Scheveningen: 6 Be2 a6, lines without early Be3.} Rc8 11. f4 Rxc3 12. bxc3 $14 {White is slightly better.} Nxe4 {[#]} ({Better is} 12... Be7 $14) 13. f5 $146 {Black must now prevent Bxe4.} ({Predecessor:} 13. Bxe4 Bxe4 14. Nf3 Qc7 15. Qd2 Be7 16. a4 Bf6 17. Bd4 bxa4 18. Bxf6 gxf6 19. Rxa4 {1-0 (32) Dantas,R (1646)-Pinto,R (2063) Natal 2014}) 13... e5 {[#]} 14. Ne6 {[%cal Re6d8][%mdl 64] Promotion} fxe6 {[%mdl 8192] A mistake that costs the game.} (14... Qb8 $1 $14) 15. Qh5+ $18 {White is clearly winning.} g6 16. fxg6 Ndf6 (16... Nef6 $142 17. g7+ {[%mdl 64] Discovered Attack} Nxh5 18. gxh8=Q Nf4 19. Bxf4 exf4 20. Rxf4 Qg5) 17. g7+ {[%mdl 64] Double Attack, Discovered Attack} Nxh5 18. gxh8=Q Qe7 19. Bxe4 Bxe4 20. Bh6 Nf4 21. Qxf8+ Qxf8 22. Bxf8 Kxf8 23. g3 {[%mdl 64] Pin.  Weighted Error Value: White=0.10/Black=0.92} 1-0

[Event "BAN-chT SAIF POWERTEC 2020"]
[Site "Dhaka"]
[Date "2021.03.25"]
[Round "7.9"]
[White "Zia, Tahsin Tajwar"]
[Black "Nayem, Haque"]
[Result "0-1"]
[WhiteElo "2092"]
[BlackElo "2040"]
[Annotator "TA"]
[PlyCount "80"]
[EventDate "2021.03.19"]
[EventType "team-tourn"]
[EventCountry "BAN"]
[SourceTitle "playchess.com"]
[Source "ChessBase"]
[SourceQuality "1"]

{[%evp 12,80,-30,-38,-12,-9,-7,-21,19,0,23,23,33,17,68,10,36,0,37,2,40,-22,0,-13,42,-25,-10,-36,-26,-90,-84,-95,-97,-116,-106,-113,-105,-236,-247,-684,-691,-804,-772,-1006,-1058,-1006,-976,-1218,-1326,-1059,-836,-836,-836,-800,-800,-800,-792,-738,-604,-370,-348,-29990,-29991,-29991,-29989,-29989,-29990,-29991,-29985,-29997,-29998]} 1. Nf3 d5 2. g3 g6 3. Bg2 Bg7 4. O-O e5 5. d3 Ne7 6. Nc3 O-O 7. e4 dxe4 {A07: Réti Opening: New York and Capablanca Systems.} 8. Nxe4 Nbc6 9. Re1 {[#]} Nf5 $146 {The position is equal.} (9... f5 $5 {[%cal Rf5e4]} 10. Nc3 Qd6 $11) ({Predecessor:} 9... a5 10. a4 b6 11. Bg5 f6 12. Bd2 Ba6 13. Nc3 Qd7 14. Nb5 Rad8 {0-1 (36) Krstic,U (2436)-Bayer,B (2451) Austria 2014}) 10. c3 Rb8 11. b4 b6 12. h4 Ba6 (12... Nd6 $11) 13. Qa4 (13. Bg5 $14 Qxd3 14. Nf6+ Kh8 15. Nd7) 13... Bb7 $11 14. Qb3 Kh8 15. h5 h6 ({Don't blunder} 15... Qxd3 $2 16. h6 $18) 16. g4 (16. hxg6 $14 fxg6 17. b5) 16... Nd6 $1 17. g5 {Black must now prevent hxg6.} Nxe4 (17... gxh5 $11 18. gxh6 Bf6) 18. dxe4 ({White should try} 18. gxh6 $14 Bf6 19. hxg6 (19. dxe4 gxh5 20. Kh2 Bc8 $11) 19... fxg6 20. dxe4 (20. Rxe4 Qxd3 21. Ne1 Qd7 $17)) 18... gxh5 19. Rd1 Qe8 20. gxh6 (20. Nh4 $11) 20... Bf6 $17 21. Be3 Rg8 22. Kh2 Bc8 23. Rg1 Bg4 24. Nd2 {This costs White the game.} (24. Qc4 $17 {was necessary.}) 24... Qe7 $19 {Hoping for ...Bg5.} 25. Qc4 $2 {[#]} (25. Nf3 Bh4 26. Qd5) 25... Bg5 $1 {( -> ...Bf4+)} 26. Qf1 (26. Bh3 Bxe3) 26... Rbd8 {Threatens to win with ...Bxe3.} 27. Nf3 Bf4+ 28. Bxf4 exf4 29. b5 Bxf3 30. Bxf3 Ne5 31. Qh3 Nxf3+ {[%mdl 64] [#] Discovered Attack, Overworked Piece} 32. Qxf3 Qh4+ 33. Qh3 Qxf2+ 34. Kh1 Rg4 35. Rxg4 hxg4 {KQR-KQR} 36. Qh5 (36. Qxg4 $19 Rg8 37. Qh3) 36... Qf3+ {[%mdl 64] Double Attack. Black mates.} 37. Kg1 Qe3+ 38. Kf1 Qxc3 39. Re1 Rd3 40. Re2 Rd1+ {Weighted Error Value: White=0.65/Black=0.19} 0-1

[Event "BAN-chT SAIF POWERTEC 2020"]
[Site "Dhaka"]
[Date "2021.03.25"]
[Round "7.10"]
[White "Sumit, Kumar"]
[Black "Mitrabha, Guha"]
[Result "0-1"]
[WhiteElo "2196"]
[BlackElo "2445"]
[Annotator "TA"]
[PlyCount "52"]
[EventDate "2021.03.19"]
[EventType "team-tourn"]
[EventCountry "BAN"]
[SourceTitle "playchess.com"]
[Source "ChessBase"]
[SourceQuality "1"]

{[%evp 17,52,0,4,15,15,0,16,0,-6,-13,-7,-16,0,0,0,-2,-8,-68,-72,-87,-91,-159,-104,-94,-86,-93,-79,-94,-82,-86,-67,-377,-383,-378,-377,-352,-334]} 1. e4 e6 2. d4 d5 3. Nd2 a6 4. Ngf3 c5 5. c3 Nc6 6. exd5 exd5 7. dxc5 Bxc5 8. Bd3 Nf6 9. O-O O-O 10. Nb3 {C08: French Tarrasch: 3...c5 4 exd5 exd5 sidelines.} Bb6 11. h3 h6 12. Bf4 {The position is equal.} Ne4 13. Nbd4 Re8 {[#]} 14. Re1 $146 ({Predecessor:} 14. Qc2 Qf6 15. Be3 Bc7 16. Rae1 Nc5 17. Bh7+ Kh8 18. Nxc6 bxc6 19. Bxc5 Rxe1 20. Rxe1 g6 21. Bd4 {1-0 (21) Nadal Fajardo,R (2015)-Lozano Ruiz,D (1835) Barcelona 2017}) 14... Qf6 15. Be3 Bc7 16. Nxc6 bxc6 17. Bd4 (17. c4 $11) 17... Qg6 $15 18. Kh1 Bf5 19. Bf1 (19. Bxe4 $142 Bxe4 20. b4) 19... Qd6 (19... a5 $142 20. a3 a4) 20. b4 $17 Bg6 21. g3 Re6 {[#] aiming for ...Nxg3+!} 22. Kg1 Rae8 23. Bg2 Bh5 24. Qd3 $2 {[%mdl 8192]} ({Better is} 24. a3 $15) 24... Bxf3 $19 {Black is winning.} 25. Bxf3 {[#]} Nxg3 {[%mdl 64] Discovered Attack} 26. Rxe6 Rxe6 {Weighted Error Value: White=0.46/Black=0.06} 0-1

[Event "BAN-chT SAIF POWERTEC 2020"]
[Site "Dhaka"]
[Date "2021.03.25"]
[Round "7.11"]
[White "Koustav Chatterjee"]
[Black "Kaustuv, Kundu"]
[Result "1-0"]
[WhiteElo "2431"]
[BlackElo "2301"]
[Annotator "TA"]
[PlyCount "61"]
[EventDate "2021.03.19"]
[EventType "team-tourn"]
[EventCountry "BAN"]
[SourceTitle "playchess.com"]
[Source "ChessBase"]
[SourceQuality "1"]

{[%evp 14,61,61,58,57,66,91,79,85,71,137,120,158,162,158,141,285,273,256,205,209,208,329,332,333,324,378,351,290,372,419,406,419,273,270,270,245,270,258,279,251,149,147,142,139,147,130,122,1134,1129]} 1. e4 d5 2. exd5 Qxd5 3. Nf3 Nf6 4. Be2 g6 5. c4 Qd8 6. d4 Bg7 7. O-O O-O 8. Nc3 b6 {B01: Scandinavian Defence.} 9. Ne5 Bb7 10. Bf3 Qc8 {White is better.} 11. Re1 {[#]} Rd8 $146 (11... e6 $142) ({Predecessor:} 11... e6 12. Bg5 Nfd7 13. Qe2 Nxe5 14. dxe5 Nd7 15. Bf4 a5 16. h4 Nc5 17. h5 Bxf3 18. Qxf3 {1-0 (29) Horvath,A (2528)-Hauser,R (2094) Davos 2004}) 12. Bg5 $16 c6 13. Qd2 Nbd7 14. Qf4 Re8 (14... c5 $16) 15. Bg4 $18 {Bxd7 is the strong threat.} e6 16. Ne4 Nxe5 17. Bxf6 Nd3 (17... Nxg4 $142 18. Bxg7 (18. Qxg4 Qc7 $16) 18... f5) 18. Qg3 $1 Nxe1 19. Bxg7 $1 f5 ({Worse is} 19... Kxg7 20. Qe5+ Kf8 21. Rxe1 $16) 20. Rxe1 {Hoping for Be5.} fxe4 ({Reject} 20... Kxg7 21. Qe5+ Kg8 22. Bxf5) 21. Be5 Qd7 22. h4 c5 23. d5 {Threatens to win with Bc3.} Qf7 24. d6 ({Less strong is} 24. dxe6 Rxe6 25. Bxe6 Qxe6 $16) 24... Rad8 25. h5 $1 h6 26. hxg6 Qxg6 {[#]} 27. Re3 (27. Qh3 $1 $18 Kh7 28. Bh5) 27... Kh7 $16 28. Qh4 $40 {[%mdl 128] Strongly threatening Bh5! White wants a kill.} Qg5 29. Qxg5 hxg5 30. Bh5 {White wants to mate with Rh3.} Rf8 $2 {[%mdl 8192] [#]} (30... Rg8 $16) 31. Rh3 $1 {[%cal Rh5f7] Weighted Error Value: White=0.11/Black=0.23} 1-0

[Event "BAN-chT SAIF POWERTEC 2020"]
[Site "Dhaka"]
[Date "2021.03.25"]
[Round "7.12"]
[White "Sultana, Sharmin Shirin"]
[Black "Manon, Reja Neer"]
[Result "1/2-1/2"]
[WhiteElo "2002"]
[BlackElo "2143"]
[Annotator "TA"]
[PlyCount "54"]
[EventDate "2021.03.19"]
[EventType "team-tourn"]
[EventCountry "BAN"]
[SourceTitle "playchess.com"]
[Source "ChessBase"]
[SourceQuality "1"]

{[%evp 14,54,17,0,3,0,0,0,0,0,14,0,0,-14,-15,-16,-15,-14,-20,-32,26,23,35,19,27,25,26,36,37,12,0,-47,45,52,63,44,78,42,56,54,64,0,0]} 1. d4 Nf6 2. Nf3 g6 3. e3 Bg7 4. Be2 O-O 5. O-O d5 6. b3 c5 7. Bb2 Ne4 8. Nbd2 Nc6 {D04: Colle System.} 9. c3 Bf5 {[#]} 10. Nh4 $146 ({Predecessor:} 10. Nxe4 dxe4 11. Nd2 cxd4 12. cxd4 e5 13. d5 Qxd5 14. g4 Rfd8 15. Bc3 Be6 16. Qc2 {0-1 (37) Kovacic,P (2167)-Jankovic,A (2559) Gostovanja 2010}) 10... Be6 11. Nhf3 f5 12. Nxe4 fxe4 13. Ng5 Bf5 {Hoping for ...e5.} 14. Bg4 Qd7 15. Bxf5 Qxf5 16. Nh3 e5 (16... cxd4 $15 17. cxd4 Bh6) 17. dxc5 $11 Rad8 18. Qe2 d4 19. Qc4+ Kh8 20. cxd4 exd4 21. Nf4 {aiming for Ne6.} Rfe8 22. Qa4 Be5 (22... Qxc5 $15 23. Rac1 Qf5) 23. Ne2 $1 $14 {[%cal Re2d4]} d3 24. Ng3 Qe6 25. Qa3 Bxb2 26. Qxb2+ Qe5 27. Qd2 ({White should try} 27. Qxe5+ $14 Rxe5 28. Rfc1) 27... Qxc5 {Weighted Error Value: White=0.11/Black=0.17} 1/2-1/2

[Event "BAN-chT SAIF POWERTEC 2020"]
[Site "Dhaka"]
[Date "2021.03.26"]
[Round "8.1"]
[White "Adhiban, B.."]
[Black "Gukesh D"]
[Result "1/2-1/2"]
[WhiteElo "2659"]
[BlackElo "2563"]
[Annotator "TA"]
[PlyCount "70"]
[EventDate "2021.03.19"]
[EventType "team-tourn"]
[EventCountry "BAN"]
[SourceTitle "playchess.com"]
[Source "ChessBase"]
[SourceQuality "1"]

{[%evp 18,70,16,29,32,0,8,0,0,0,4,0,20,0,22,11,21,11,18,20,39,0,0,0,0,0,0,0,0,0,0,0,0,0,0,0,0,0,0,0,0,0,0,-18,0,0,0,2,0,0,4,-17,-18,-35,-27]} 1. Nf3 Nf6 2. g3 g6 3. Bg2 Bg7 4. d4 d5 5. O-O O-O 6. c4 c6 7. Qb3 dxc4 8. Qxc4 Bf5 9. Nc3 Nbd7 10. Re1 Ne4 {D78: Fianchetto Grünfeld: 6 0-0 c6.} 11. Nh4 Be6 12. Qd3 Nxc3 {The position is equal.} 13. bxc3 {[#]} Qa5 $146 ({Predecessor:} 13... Nb6 14. e4 Qd7 15. Nf3 Rad8 16. Bf4 Bc4 17. Qe3 Ba6 18. Bh6 Nc4 19. Qf4 f6 20. Bxg7 Kxg7 {½-½ (54) Andriasian,Z (2609)-Hovhannisyan,R (2591) Yerevan 2014}) 14. Nf3 Rfd8 15. Bd2 Qa4 16. Qb1 Nb6 17. Ng5 Bc4 18. Ne4 Qa3 19. Nc5 Rab8 20. Qc2 e5 21. Bc1 Qa5 22. Bd2 Nd7 23. Ne4 Bd5 24. c4 Bxe4 25. Bxe4 (25. Bxa5 $2 {too greedy.} Bxc2 26. Bxd8 Rxd8 $19) 25... Qa6 26. d5 f5 27. dxc6 bxc6 28. Bg2 e4 29. Rab1 Ne5 30. Bg5 Rdc8 31. c5 Qc4 32. Qxc4+ Nxc4 33. Bf4 Be5 34. Rbc1 Bxf4 35. Rxc4 Bd2 {Weighted Error Value: White=0.06/Black=0.03} 1/2-1/2